Claude Lévi-Strauss hagyatéka
Elmentve itt :
| Szerző: | |
|---|---|
| Adatforrás: | Philobibl |
| Forrásdokumentuma: | Valóság 47.2004:5. 118-123. p. |
| Dokumentumtípus: | Cikk |
| Nyelv: | magyar |
| Kulcsszavak: | antropológia |
| Megjelent: |
2004
|
| LEADER | 00404nab a2200133 c 4500 | ||
|---|---|---|---|
| 001 | bibPHI0030119 | ||
| 005 | 20200924122654.4 | ||
| 008 | 070301s2004 xx hun | ||
| 100 | 1 | |a Spies, Werner | |
| 245 | 1 | 0 | |a Claude Lévi-Strauss hagyatéka |c Werner Spies |
| 260 | |c 2004 | ||
| 500 | |a külföldi folyóiratokból - Frankfurter Allgemeine Zeitung | ||
| 695 | |a antropológia | ||
| 773 | 0 | |t Valóság |g 47.2004:5. 118-123. p. | |